<?xml version='1.0' encoding='UTF-8'?>
  <record xmlns="http://www.loc.gov/MARC21/slim">
    <leader>00000cam a22000007i 4500</leader>
    <controlfield tag="001">ocn901223634</controlfield>
    <controlfield tag="003">OCoLC</controlfield>
    <controlfield tag="005">20250526054500.0</controlfield>
    <controlfield tag="008">150127s1477    gw            001 0 lat d</controlfield>
    <datafield tag="040" ind1=" " ind2=" ">
      <subfield code="a">NLGGC</subfield>
      <subfield code="b">eng</subfield>
      <subfield code="e">rda</subfield>
      <subfield code="e">dcrmr</subfield>
      <subfield code="c">NLGGC</subfield>
      <subfield code="d">QGJ</subfield>
      <subfield code="d">OCLCO</subfield>
      <subfield code="d">QGJ</subfield>
    </datafield>
    <datafield tag="029" ind1="0" ind2=" ">
      <subfield code="a">NLGGC</subfield>
      <subfield code="b">38831981X</subfield>
    </datafield>
    <datafield tag="035" ind1=" " ind2=" ">
      <subfield code="a">(OCoLC)901223634</subfield>
    </datafield>
    <datafield tag="110" ind1="2" ind2=" ">
      <subfield code="a">Catholic Church.</subfield>
      <subfield code="b">Rota Romana,</subfield>
      <subfield code="e">issuing body.</subfield>
      <subfield code="4">isb</subfield>
      <subfield code="1">https://id.oclc.org/worldcat/entity/E39QQPVp7VD6vKDvVY66B9kBqF</subfield>
    </datafield>
    <datafield tag="240" ind1="1" ind2="0">
      <subfield code="a">Decisiones Rotae Romanae.</subfield>
      <subfield code="f">1477</subfield>
    </datafield>
    <datafield tag="245" ind1="1" ind2="0">
      <subfield code="a">Co[n]clusiones siue decisiones antique d[o]no[rum] audito[rum] de rota.</subfield>
    </datafield>
    <datafield tag="246" ind1="3" ind2="0">
      <subfield code="a">Conclusiones sive decisiones antique donorum auditorum de rota</subfield>
    </datafield>
    <datafield tag="246" ind1="1" ind2=" ">
      <subfield code="i">Title according to ISTC:</subfield>
      <subfield code="a">Decisiones Rotae Romanae. Add: Decisiones antiquae. Ed: Guillelmus Gallici, Guillelmus Horborch and Bonaguida Cremonensis; Decisiones novae. Comp: Guillelmus Horborch; Jacobus de Camplo: Additiones</subfield>
    </datafield>
    <datafield tag="264" ind1=" " ind2="1">
      <subfield code="a">In civitate Maguntina :</subfield>
      <subfield code="b">Petrus Schoyffer,</subfield>
      <subfield code="c">Anno d[omi]ni. Mcccclxxvij. pridie nonis Ianuarijs. [4 January 1477]</subfield>
    </datafield>
    <datafield tag="300" ind1=" " ind2=" ">
      <subfield code="a">[290] leaves ;</subfield>
      <subfield code="c">32 cm (4to and folio)</subfield>
    </datafield>
    <datafield tag="336" ind1=" " ind2=" ">
      <subfield code="a">text</subfield>
      <subfield code="b">txt</subfield>
      <subfield code="2">rdacontent</subfield>
    </datafield>
    <datafield tag="337" ind1=" " ind2=" ">
      <subfield code="a">unmediated</subfield>
      <subfield code="b">n</subfield>
      <subfield code="2">rdamedia</subfield>
    </datafield>
    <datafield tag="338" ind1=" " ind2=" ">
      <subfield code="a">volume</subfield>
      <subfield code="b">nc</subfield>
      <subfield code="2">rdacarrier</subfield>
    </datafield>
    <datafield tag="340" ind1=" " ind2=" ">
      <subfield code="m">folio</subfield>
      <subfield code="m">4to</subfield>
      <subfield code="2">rdabf</subfield>
    </datafield>
    <datafield tag="340" ind1=" " ind2=" ">
      <subfield code="k">2 columns</subfield>
    </datafield>
    <datafield tag="500" ind1=" " ind2=" ">
      <subfield code="a">Title from first line of text: Conclusiones sive decisiones antique dominorum auditorum de rota.</subfield>
    </datafield>
    <datafield tag="500" ind1=" " ind2=" ">
      <subfield code="a">Signatures: [a⁶ b-h¹⁰ i¹² k-l⁸ m¹⁰ A¹⁰ B¹⁰ C⁸ a¹⁰ b⁸ c-e¹⁰ f¹² g¹⁰ h¹² i⁸² k-l¹⁰ m⁶ n¹⁰ o¹² p⁸].</subfield>
    </datafield>
    <datafield tag="500" ind1=" " ind2=" ">
      <subfield code="a">Leaves 6-8, 114 and 142 are blank.</subfield>
    </datafield>
    <datafield tag="500" ind1=" " ind2=" ">
      <subfield code="a">Decisiones antiquae attributed to Guillelmus Gallici, Guillelmus Horborch and Bonaguida Cremonensis; Decisiones novae, to Guillelmus Horborch; and additiones, to Jacobus de Camplo according to ISTC.</subfield>
    </datafield>
    <datafield tag="500" ind1=" " ind2=" ">
      <subfield code="a">Includes index.</subfield>
    </datafield>
    <datafield tag="500" ind1=" " ind2=" ">
      <subfield code="a">Colophon and printer's device printed in red.</subfield>
    </datafield>
    <datafield tag="500" ind1=" " ind2=" ">
      <subfield code="a">With capital spaces, no guide letters.</subfield>
    </datafield>
    <datafield tag="500" ind1=" " ind2=" ">
      <subfield code="a">Text is printed in 2 columns.</subfield>
    </datafield>
    <datafield tag="500" ind1=" " ind2=" ">
      <subfield code="a">Part 1 consists of: Index for the Decisiones antiquae, beginning (column 1): De appellationib[us] .iiij. (5 printed leaves); Decisiones antiquae, headed: Co[n]clusiones siue decisiones antique d[omi]no[rum] audito[rum] de Rota (105 printed leaves).</subfield>
    </datafield>
    <datafield tag="500" ind1=" " ind2=" ">
      <subfield code="a">Part 2 consists of: Index of the Decisiones novae, headed (column 1): Tabula noua[rum] decisionu[m] cu[m] suis su[m]mariis (27 printed leaves); Decisiones novae, beginning: [I]N nomine Domini amen. Anno natiuitatis eiusde[m] ... (148 printed leaves);</subfield>
    </datafield>
    <datafield tag="500" ind1=" " ind2=" ">
      <subfield code="a">Imprint from colophon, which reads: Anno d[omi]ni. Mcccclxxvij. Graui labore maximisq[ue] impensis Romana[m] post impressionem opus iteru[m] eme[n]datu[m]: a[n]tiquaru[m] nouarumq[ue] decisionu[m] suis cu[m] additionib[us]: d[omi]no[rum] de Rota: In ciuitate Maguntina imp[re]ssorie artis inue[n]trice elimatriceq[ue] p[ri]ma Petrus Schoyffer de Gernheym suis consignando scutis arte magistra: feliciter finiuit.</subfield>
    </datafield>
    <datafield tag="510" ind1="4" ind2=" ">
      <subfield code="a">Incunabula short title catalogue,</subfield>
      <subfield code="c">id00108000</subfield>
      <subfield code="u">https://data.cerl.org/istc/id00108000</subfield>
    </datafield>
    <datafield tag="510" ind1="4" ind2=" ">
      <subfield code="a">Gesamtkatalog der Wiegendrucke,</subfield>
      <subfield code="c">8201</subfield>
      <subfield code="u">https://www.gesamtkatalogderwiegendrucke.de/docs/GW08201.htm</subfield>
    </datafield>
    <datafield tag="510" ind1="4" ind2=" ">
      <subfield code="a">Bayerische Staatsbibliothek Inkunabelkatalog,</subfield>
      <subfield code="c">D-86</subfield>
      <subfield code="u">https://inkunabeln.digitale-sammlungen.de/Ausgabe_D-86.html</subfield>
    </datafield>
    <datafield tag="510" ind1="4" ind2=" ">
      <subfield code="a">Incunabula in Dutch libraries,</subfield>
      <subfield code="c">1485</subfield>
    </datafield>
    <datafield tag="510" ind1="4" ind2=" ">
      <subfield code="a">Typenrepertorium der Wiegendrucke,</subfield>
      <subfield code="c">ma06126</subfield>
      <subfield code="u">https://tw.staatsbibliothek-berlin.de/ma06126</subfield>
    </datafield>
    <datafield tag="510" ind1="4" ind2=" ">
      <subfield code="a">Typenrepertorium der Wiegendrucke,</subfield>
      <subfield code="c">ma06128</subfield>
      <subfield code="u">https://tw.staatsbibliothek-berlin.de/ma06128</subfield>
    </datafield>
    <datafield tag="510" ind1="4" ind2=" ">
      <subfield code="a">Typenrepertorium der Wiegendrucke,</subfield>
      <subfield code="c">ma06129</subfield>
      <subfield code="u">https://tw.staatsbibliothek-berlin.de/ma06129</subfield>
    </datafield>
    <datafield tag="546" ind1=" " ind2=" ">
      <subfield code="b">Typeface: 3:91G, 5:118G (Decisiones antiquae); 3:91G, 5:118G, 6:92G (Decisiones novae).</subfield>
    </datafield>
    <datafield tag="650" ind1=" " ind2="0">
      <subfield code="a">Law reports, digests, etc.</subfield>
      <subfield code="x">Catholic Church</subfield>
      <subfield code="v">Early works to 1800.</subfield>
    </datafield>
    <datafield tag="650" ind1=" " ind2="0">
      <subfield code="a">Canon law</subfield>
      <subfield code="v">Cases</subfield>
      <subfield code="v">Early works to 1800.</subfield>
    </datafield>
    <datafield tag="650" ind1=" " ind2="6">
      <subfield code="a">Droit canonique</subfield>
      <subfield code="v">Jurisprudence</subfield>
      <subfield code="v">Ouvrages avant 1800.</subfield>
    </datafield>
    <datafield tag="655" ind1=" " ind2="0">
      <subfield code="a">Incunabula</subfield>
    </datafield>
    <datafield tag="655" ind1=" " ind2="7">
      <subfield code="a">incunabula (books)</subfield>
      <subfield code="2">aat</subfield>
    </datafield>
    <datafield tag="655" ind1=" " ind2="7">
      <subfield code="a">Incunables.</subfield>
      <subfield code="2">rvmgf</subfield>
    </datafield>
    <datafield tag="700" ind1="1" ind2=" ">
      <subfield code="a">Schöffer, Peter,</subfield>
      <subfield code="d">approximately 1425-approximately 1502,</subfield>
      <subfield code="e">printer.</subfield>
      <subfield code="4">prt</subfield>
      <subfield code="1">https://id.oclc.org/worldcat/entity/E39PBJk8VFmpkCqMwCvgTVWRrq</subfield>
    </datafield>
    <datafield tag="700" ind1="1" ind2=" ">
      <subfield code="a">Horborch, Guillelmus,</subfield>
      <subfield code="d">-1384,</subfield>
      <subfield code="e">compiler.</subfield>
      <subfield code="4">cmp</subfield>
      <subfield code="1">https://id.oclc.org/worldcat/entity/E39PBJxxfQMPQyWBgt8fTGdJDq</subfield>
    </datafield>
    <datafield tag="700" ind1="1" ind2=" ">
      <subfield code="a">Gallici, Guillelmus,</subfield>
      <subfield code="e">compiler.</subfield>
      <subfield code="4">cmp</subfield>
      <subfield code="1">https://id.oclc.org/worldcat/entity/E39PCjrGyHWpQKPvD46TpcrmFq</subfield>
    </datafield>
    <datafield tag="700" ind1="0" ind2=" ">
      <subfield code="a">Bonaguida,</subfield>
      <subfield code="c">Cremonensis,</subfield>
      <subfield code="e">compiler.</subfield>
      <subfield code="4">cmp</subfield>
      <subfield code="1">https://id.oclc.org/worldcat/entity/E39PCjKWXtXpptbC3rHKWHWDmd</subfield>
    </datafield>
    <datafield tag="700" ind1="1" ind2=" ">
      <subfield code="a">Camplo, Jacobus de,</subfield>
      <subfield code="d">-1424,</subfield>
      <subfield code="e">compiler.</subfield>
      <subfield code="4">cmp</subfield>
      <subfield code="1">https://id.oclc.org/worldcat/entity/E39PBJgCHYm6xfK849YD4g9JjC</subfield>
    </datafield>
    <datafield tag="710" ind1="2" ind2=" ">
      <subfield code="i">Container of (work):</subfield>
      <subfield code="a">Catholic Church.</subfield>
      <subfield code="b">Rota Romana.</subfield>
      <subfield code="t">Decisiones antiquae.</subfield>
    </datafield>
    <datafield tag="710" ind1="2" ind2=" ">
      <subfield code="i">Container of (work):</subfield>
      <subfield code="a">Catholic Church.</subfield>
      <subfield code="b">Rota Romana.</subfield>
      <subfield code="t">Decisiones novae.</subfield>
    </datafield>
    <datafield tag="740" ind1="0" ind2=" ">
      <subfield code="a">Decisiones novae</subfield>
    </datafield>
    <datafield tag="752" ind1=" " ind2=" ">
      <subfield code="a">Germany</subfield>
      <subfield code="d">Mainz,</subfield>
      <subfield code="e">publication place.</subfield>
      <subfield code="4">pup</subfield>
    </datafield>
    <datafield tag="936" ind1=" " ind2=" ">
      <subfield code="a">BATCHLOAD</subfield>
    </datafield>
  </record>